00538nam a2200181Ia 4500003000900000008004100009040001600050080001700066100001600083245008800099260003800187300001500225490003500240650001900275650001500294650002400309650002300333IN-BaIIA211028s9999 xx 000 0 eng d cIIA Library a519.216bDOO aDoob, J. L. 0aStochastic processesc J. L. Doob  aNew YorkbJohn Wiley & Sonsc1953 avii, 654p. aWiley Publishing in Statistics aNASA Thesaurus aStatistics aStatistics analysis aStochastic process